| 000 | 01145cam a2200265 4500 | ||
|---|---|---|---|
| 001 | ca 14000066 | ||
| 003 | DLC | ||
| 005 | 20260227111059.0 | ||
| 008 | 811005m18671868li e b 000 0 ruso | ||
| 010 | _aca 14000066 | ||
| 040 |
_aDLC _cDLC _dDLC |
||
| 043 | _ae-pl--- | ||
| 050 | 0 | 0 |
_aDK4370 _b.R37 |
| 051 | _cCopy 3. Russian Imperial Coll. On heavier paper. Imperfect: fold. plan wanting. | ||
| 100 | 1 |
_aRatch, Vasilīĭ Fedorovich, _d-1870. |
|
| 240 | 1 | 0 | _aSvedenii͡a o polʹskom mi͡atezhe 1863 g. v severo-zapadnoĭ Rossii |
| 245 | 1 | 0 |
_aSvi͡edi͡enīi͡a o polʹskom mi͡atezhi͡e 1863 g. v si͡evero-zapadnoĭ Rossii. _cSobral Vasilīĭ Ratch. |
| 260 |
_aVilʹna, _bTip. Gubernskago pravlenīi͡a _c1867-1868. |
||
| 300 |
_a2 v. _bfold. plan. _c25 cm. |
||
| 500 | _aNo more published. | ||
| 500 | _aVol. 2 lacks author statement. | ||
| 504 | _aIncludes bibliographical references. | ||
| 505 | 0 | _at. 1. Vvedenīe. Si͡evero-Zapadnai͡a Rossīi͡a do padenīi͡a Ri͡echi Pospolitoĭ.--t. 2. Organizat͡sīonnyi͡a raboty polonizma: Borʹba s polonizmom v Avstrīi i Prussīi. | |
| 651 | 0 |
_aPoland _xHistory _yRevolution, 1863-1864. |
|
| 999 |
_c14748 _d14748 |
||